[Event "Jena Fair op 8th"]
[Site "Jena"]
[Date "2008.10.18"]
[Round "7"]
[White "Mueller, Jens"]
[Black "Koeber, Andreas"]
[Result "1/2-1/2"]
[WhiteElo "877"]
[BlackElo "836"]
[PlyCount "20"]
[EventDate "2008.10.15"]
[EventType "swiss"]
[EventRounds "9"]
[EventCountry "GER"]
[SourceTitle "EXT 2009"]
[Source "ChessBase"]
[SourceDate "2008.11.26"]
[SourceVersion "1"]
[SourceVersionDate "2008.11.26"]
[SourceQuality "1"]

1. e4 e5 2. Nf3 d6 3. Bc4 Be7 4. d3 Nc6 5. h3 Nf6 6. Nc3 0-0 7. Be3 Bd7 8. d4 exd4 9. Nxd4 Nxd4 10. Qxd4 Bc6 1/2-1/2

[Event "Jena Fair op 8th"]
[Site "Jena"]
[Date "2008.10.17"]
[Round "5"]
[White "Koehler, Denny"]
[Black "Koeber, Andreas"]
[Result "1-0"]
[WhiteElo "1390"]
[BlackElo "836"]
[PlyCount "105"]
[EventDate "2008.10.15"]
[EventType "swiss"]
[EventRounds "9"]
[EventCountry "GER"]
[SourceTitle "EXT 2009"]
[Source "ChessBase"]
[SourceDate "2008.11.26"]
[SourceVersion "1"]
[SourceVersionDate "2008.11.26"]
[SourceQuality "1"]

1. e4 e5 2. Nf3 Nc6 3. Bb5 Nf6 4. 0-0 Be7 5. Re1 b6 6. Bxc6 dxc6 7. Nxe5 Bb7 8. d3 0-0 9. Nc3 Re8 10. Be3 Bb4 11. Nf3 Bxc3 12. bxc3 c5 13. Bg5 h6 14. Bh4 Qd7 15. Bxf6 gxf6 16. Qd2 Kg7 17. Rad1 f5 18. Qf4 fxe4 19. dxe4 Rxe4 20. Qxe4 Bxe4 21. Rxd7 Bxf3 22. gxf3 Rc8 23. Ree7 Kf6 24. Rxf7+ Ke6 25. Rfe7+ Kf6 26. Rxc7 Rg8+ 27. Kf1 a6 28. Red7 Ke6 29. Rh7 Kd6 30. Ra7 a5 31. Rxh6+ Kd5 32. Ra6 Rf8 33. Ke2 Kc4 34. Rhxb6 Kxc3 35. Rxa5 Kc4 36. Rc6 Rf5 37. Rcxc5+ Rxc5 38. Rxc5+ Kxc5 39. h4 Kc4 40. h5 Kc3 41. h6 Kxc2 42. h7 Kb2 43. h8Q+ Kxa2 44. Qd8 Kb2 45. f4 Ka2 46. f5 Kb2 47. f6 Ka2 48. f7 Kb2 49. f8R Kc2 50. Rf7 Kc3 51. Rc7+ Kb3 52. Qb8+ Ka3 53. Ra7# 1-0